[Event "Volgodonsk op"]
[Site "Volgodonsk"]
[Date "2007.07.19"]
[Round "1"]
[White "Khudjakov, Sergey"]
[Black "Alifirov, Anatoliy"]
[Result "1/2-1/2"]
[WhiteElo "2216"]
[BlackElo "1846"]
[PlyCount "44"]
[EventDate "2007.07.19"]
[EventType "swiss"]
[EventRounds "9"]
[EventCountry "RUS"]
[SourceTitle "EXT 2010"]
[Source "ChessBase"]
[SourceDate "2010.11.25"]
[SourceVersion "1"]
[SourceVersionDate "2010.11.25"]
[SourceQuality "1"]

1. d4 d5 2. c4 e5 3. dxe5 d4 4. Nf3 Nc6 5. g3 Bg4 6. Bg2 Qd7 7. 0-0 0-0-0 8. Nbd2 Nge7 9. b4 Ng6 10. Qa4 Kb8 11. c5 Ncxe5 12. Qxd7 Rxd7 13. Bb2 Nc6 14. b5 Nce5 15. Rac1 f6 16. h3 Bxf3 17. Nxf3 Nxf3+ 18. Bxf3 b6 19. cxb6 cxb6 20. a4 Bc5 21. a5 Ne5 22. Be4 Kc7 1/2-1/2